00967cgm a2200229 450000500170000000700100001700800410002702000180006802000150008608200200010124501320012126000490025330000550030265000330035765000360039065000560042665300200048271000530050294200250055599900170058095201400059720140721122937.0vd cgaizm140721t2010 xx 43 f |||| 0| vleng d a9781424029464 a142402946504222a428.43bREA00aReading explorer 4h[videorecording] :bvideo on DVD : high intermediate : 2600-3000 headwords : CEF C1 /cNational Geographic. a[S. l.] :bHeinle Cengage Learning,cc.2010. a1 videodisc (43:42 min.) :bsd., col. ;c4 3/4 in. 0913995aReading comprehension 0935962aDiscoveries in geography 0936062aEnglish languagevFilms for foreign speakers bEEENGcJuly20142 aNational Geographic Digital Motion (Firm)936061 2ddccDVDk428.43 REA c18372d18344 00102ddc40708ILBaMAINbMAINc2NDd2014-07-21epurchaseg270.00h4033l0o428.43 REAp000036087r2022-08-24 00:00:00v337.50yCDVDN